ბათუმის შოთა რუსთაველის სახელმწიფო უნივერსიტეტის ბიბლიოთეკა

შავი შაშვი ჩიოდა (მოთხრობები) (ბიბ.ჩანაწერი № 41789)

000 -LEADER
fixed length control field 00943nam a2200241Ia 4500
001 - CONTROL NUMBER
control field 8471
003 - CONTROL NUMBER IDENTIFIER
control field GE_BSU
008 - FIXED-LENGTH DATA ELEMENTS--GENERAL INFORMATION
fixed length control field 181216s||||||||xx |||||||||||||| ||und||
040 ## - CATALOGING SOURCE
Transcribing agency GE_BSU
080 ## - UNIVERSAL DECIMAL CLASSIFICATION NUMBER
Universal Decimal Classification number 821.353.1-32+784.4(479.22)
100 ## - MAIN ENTRY--PERSONAL NAME
Personal name ერქომაიშვილი, ანზორ
245 ## - TITLE STATEMENT
Title შავი შაშვი ჩიოდა (მოთხრობები)
245 ## - TITLE STATEMENT
Statement of responsibility, etc. ბოლოსიტყვაობის ავტ.: თ.ბექიშვილი; რედ.: მარინე სოხაძე; მხატვ.: ე.ბერძენიშვილი.
250 ## - EDITION STATEMENT
Edition statement 1–ლი, მე–2 გამოც.
260 ## - PUBLICATION, DISTRIBUTION, ETC.
Place of publication, distribution, etc. თბილისი.
260 ## - PUBLICATION, DISTRIBUTION, ETC.
Name of publisher, distributor, etc. ნაკადული.
260 ## - PUBLICATION, DISTRIBUTION, ETC.
Date of publication, distribution, etc. 1988
300 ## - PHYSICAL DESCRIPTION
Extent 132 გვ; 20 სმ.ილ;
653 ## - INDEX TERM--UNCONTROLLED
Uncontrolled term მოთხრობები
653 ## - INDEX TERM--UNCONTROLLED
Uncontrolled term შავი შაშვი ჩიოდა
942 ## - ADDED ENTRY ELEMENTS (KOHA)
Koha item type წიგნი
ეგზემპლარები
Withdrawn status Lost status Damaged status Not for loan Date acquired Barcode Date last seen Price effective from Koha item type
        2018-12-17 30606 2018-12-17 2018-12-17 წიგნი